书目信息 |
| 题名: |
科学发展观学习读本
|
|
| 作者: | 赵学清 , 杨超 , 项飞 编著 | |
| 分册: | ||
| 出版信息: | 北京 人民日报出版社 2008.01 |
|
| 页数: | 275页 | |
| 开本: | 21cm | |
| 丛书名: | ||
| 单 册: | ||
| 中图分类: | D668 | |
| 科图分类: | ||
| 主题词: | 社会发展--she hui fa zhan--中国--学习参考资料 | |
| 电子资源: | ||
| ISBN: | 978-7-80208-618-0 | |
| 000 | 00986nam0 2200265 450 | |
| 001 | 012008707412 | |
| 005 | 20080604151334.15 | |
| 010 | @a978-7-80208-618-0@dCNY25.00 | |
| 100 | @a20080604d2008 em y0chiy0120 ea | |
| 101 | 0 | @achi |
| 102 | @aCN@b110000 | |
| 105 | @ay z 000yy | |
| 106 | @ar | |
| 200 | 1 | @a科学发展观学习读本@Ake xue fa zhan guan xue xi du ben@f赵学清 ... [等] 编著@Fzhao xue qing...[deng]bian zhu |
| 210 | @a北京@c人民日报出版社@d2008.01 | |
| 215 | @a275页@d21cm | |
| 304 | @a题名页题: 赵学清, 杨超, 项飞, 陈小明编著 | |
| 330 | @a本书共分为十一章,包括科学发展观是马克思主义中国化最新成果、科学发展观的第一要义是发展、科学发展观的核心是以人为本、科学发展观的基本要求是全面协调可持续等内容。 | |
| 606 | 0 | @a社会发展@Ashe hui fa zhan@y中国@j学习参考资料 |
| 690 | @aD668@v4 | |
| 701 | 0 | @a赵学清@Azhao xue qing@4编著 |
| 701 | 0 | @a杨超@Ayang chao@4编著 |
| 701 | 0 | @a项飞@Axiang fei@4编著 |
| 801 | 0 | @aCN@bQSSK@c20080604 |
| 905 | @b724168-70@dD668@eZ335@f3 | |
| 科学发展观学习读本/赵学清 ... [等] 编著.-北京:人民日报出版社,2008.01 |
| 275页;21cm |
| ISBN 978-7-80208-618-0:CNY25.00 |
| 本书共分为十一章,包括科学发展观是马克思主义中国化最新成果、科学发展观的第一要义是发展、科学发展观的核心是以人为本、科学发展观的基本要求是全面协调可持续等内容。 |
| ● |
| 相关链接 |
|
|
|
正题名:科学发展观学习读本
索取号:D668/Z335
 
预约/预借
| 序号 | 登录号 | 条形码 | 馆藏地/架位号 | 状态 | 备注 |
| 1 | 724168 | 207241689 | 社科库509/509社科库 75排8列3层/ [索取号:D668/Z335] | 在馆 | |
| 2 | 724169 | 207241698 | 社科库509/509社科库 75排8列3层/ [索取号:D668/Z335] | 在馆 | |
| 3 | 724170 | 207241705 | 社科库509/509社科库 75排8列3层/ [索取号:D668/Z335] | 在馆 |